Gaming Quiz

Random Gaming or Numbers Quiz

Nintendo 64 games containing the number 64 Quiz Stats

 Plays Quiz not verified by Sporcle

Also try: Pokémon Rainbow
Challenge
Share
Tweet
Embed
Score 0/46 Timer 12:00
0 Plays Today
Publisher Title % Correct
NintendoSuper Mario 64
94.8%
NintendoMario Kart 64
79.2%
NintendoDonkey Kong 64
66.3%
NintendoStar Fox 64
50.7%
NintendoWave Race 64 Kawasaki Jet Ski
45.3%
NintendoPilotWings 64
36.3%
NintendoKirby 64: The Crystal Shards
34.9%
EA SportsMadden 64
34.2%
CapcomMega Man 64
31.8%
NintendoBomberman 64
30.2%
MidwayDoom 64
27.5%
THQQuest 64
23.6%
NintendoDr. Mario 64
20.1%
GT InteractiveDuke Nukem 64
19%
NatsumeHarvest Moon 64
17.7%
EA SportsFIFA Soccer 64
16.8%
NintendoStarCraft 64
16.3%
Atlus SoftwareOgre Battle 64: Person of Lordly Caliber
16.2%
NintendoExcitebike 64
15.3%
MidwayQuake 64
14.5%
MidwayGex 64: Enter the Gecko
13.7%
NintendoRidge Racer 64
11.1%
PsygnosisWipeout 64
9.9%
Publisher Title % Correct
Vatical EntertainmentBomberman 64: Second Attack
8.4%
KonamiInternational Superstar Soccer 64
8.4%
Eidos InteractiveFighting Force 64
7.6%
AcclaimForsaken 64
7.6%
TitusVirtual Chess 64
7.4%
TitusCarmageddon 64
6.9%
NamcoNamco Museum 64
6.6%
OceanGT 64: Championship Edition
6.2%
Crave EntertainmentRobotron 64
6.1%
KemcoShadowgate 64: Trial of the Four Towers
6%
Virgin InteractiveGolden Nugget 64
5.8%
THQDestruction Derby 64
5.7%
MindscapePaperboy 64
5.6%
THQRoad Rash 64
5.4%
MidwayMicro Machines 64 Turbo
5.1%
MidwayStunt Racer 64
4.9%
Crave EntertainmentVirtual Pool 64
4.7%
Crave EntertainmentAsteroids Hyper 64
4.7%
UbisoftF1 Pole Position 64
4.3%
Take 2 InteractiveBass Hunter 64
4.2%
Rockstar GamesMonster Truck Madness 64
3.9%
THQNuclear Strike 64
3.8%
South Peak InteractiveMia Hamm Soccer 64
3.3%

You're not logged in!

Compare scores with friends on all Sporcle quizzes.
Join for Free
OR
Log In

You Might Also Like...

Show Comments

Extras

Top Quizzes Today


Score Distribution

Your Account Isn't Verified!

In order to create a playlist on Sporcle, you need to verify the email address you used during registration. Go to your Sporcle Settings to finish the process.

Report this User

Report this user for behavior that violates our Community Guidelines.

Details: